000 00861nam a2200229Ia 4500
008 100315s9999 xx 000 0 und d
020 _a81-7274-214-2 
082 _b3046 
_a382.6 
100 _a"JAIN, Nabhi Kumar "
245 _aHOW TO EXPORT: AS PER NEW IMPORT EXPORT POLICY AND PROCEDURE 1997-2202
250 _a5th 
260 _aNew Delhi 
_bNabhi  
_c1997 
300 _a"XIV,160p.  "
365 _eRupees 
_d
_b70.00 
366 _f
505 _gTushar Jadhav 
530 _b-  
620 _a"Golden Rules for Sucessfull Exporting, Preliminaries for Starting Export Business, Registration of Exporters, Appointing Overseas Agents "
630 _aHOW TO EXPORT: AS PER NEW IMPORT EXPORT POLICY AND PROCEDURE 1997-2202
730 _aHOW TO EXPORT: AS PER NEW IMPORT EXPORT POLICY AND PROCEDURE 1997-2202
942 _cBOOK
999 _c477781
_d477778